| 000 | 02171nam a22004454 4500 | ||
|---|---|---|---|
| 001 | 194510 | ||
| 003 | SpMaBN | ||
| 005 | 20250309063125.0 | ||
| 008 | 230430s2005 sp | ||| ||spa | ||
| 016 | 7 |
_abimoBNE20060615305 _2SpMaBN |
|
| 017 |
_aM 45086-2005 _bOficina Depósito Legal Madrid |
||
| 020 | _a8480486686 | ||
| 035 | _a(OCoLC)71820755 | ||
| 040 |
_aSpMaBN _bspa _cSpMaBN _erdc |
||
| 080 | _a821.134.2 Cervantes Saavedra, Miguel de 7 Quijote:791.43 | ||
| 080 | _a821.134.2 Cervantes Saavedra, Miguel de 7 Quijote:78 | ||
| 080 | _a821.134.2 Cervantes Saavedra, Miguel de 7 Quijote.07 | ||
| 245 | 0 | 0 |
_aDon Quijote deja huellas / _cJulio Cebrián ... [et al.] ; prólogo de Miguel Losada. |
| 250 | _aPrimera Edición, 2005 | ||
| 260 |
_aMadrid : _bFundación Autor, _c[2005] |
||
| 300 |
_a142 p. : _bil. ; _c22 cm |
||
| 336 |
_2rdacontent _atexto |
||
| 337 |
_2rdamedia _asin mediación |
||
| 338 |
_2rdacarrier _avolumen |
||
| 500 | _aConferencias pronunciadas en el Ateneo de Madrid, durante las jornadas "Don Quijote deja Huellas" con motivo de la 15 Semana de Cine Experimental de Madrid | ||
| 500 | _aEn port.: Con la colaboración de Ministerio de Cultura, Sociedad Estatal de Conmemoraciones Culturales, Ateneo de Madrid. | ||
| 600 | 1 | 4 |
_aCervantes Saavedra, Miguel de, _d1547-1616. _tDon Quijote de la Mancha- _xAdaptaciones cinematográficas _937613 |
| 600 | 0 |
_aCervantes Saavedra, Miguel de, _d1547-1616. _tDon Quijote de la Mancha- _xAdaptaciones musicales _9236173 |
|
| 610 | 2 | 7 |
_9168597 _aAteneo de Madrid- _vConferencias- _xconferencias _y2000- |
| 650 | 7 |
_aDon Quijote (Personaje de ficción) _xEn la literatura _2embne _9172771 |
|
| 700 |
_aCebrián, Julio, _d1929-2016 _9236174 |
||
| 711 | 2 |
_aSemana de Cine Experimental de Madrid _n(15ª. _cMadrid. _d2005) _9239746 |
|
| 852 |
_aES-MaACL _bR.153496 _cDEPOJ _jN-8868 _xEncuadernación: rustica _9204705 |
||
| 852 |
_aES-MaACL _cHEM _jN-717 _9108757 |
||
| 903 |
_974261 _aLosada, Miguel _ednr |
||
| 942 |
_2udc _cMONOGRAFIA _n0 |
||
| 999 |
_c194510 _d194510 |
||